000 00760nam a22002057a 4500
005 20240614165408.0
010 _aENG-140622
020 _c749.00
_a9788119896691
035 _aEN-124154
037 _bDBAD
082 _a340.07
_211
100 _aBhardwaj, AP
_967536
245 _aLegal Awareness/Legal Reasoning 2024-25/
_cBy AP Bhardwaj
250 _a11
260 _aNoida
_bPearson India Education Pvt Ltd
_c2024
270 _a1st Floor, Berger Tower, Plot No. C-001/2, Sector 16B
_bNoida
_e201301
_mcompanysecretary.india@pearson.com
300 _acxvii,vp.
_c25cm(pbk)
_bIndex
500 _aFor Clat,Slat,Ailet Also Useful For PU,DU,BHU,IPU,UPES,MAH(CET-Law) & Other UG/PG Law Entrance Exams
942 _2ddc
_cEN
_h340.07
_mBHA
_e11
999 _c203614
_d203614